Responsabilidad extracontractual

Bibliographic Details
Main Author: Rodrg̕uez Grez, Pablo
Format: eBook
Language:Spanish
Published: [Chile] : Editorial jurd̕ica de Chile, 2009
Series:Tratados
Subjects:
Online Access:Acceso restringido

MARC

LEADER 00000nam a22000007a 4500
005 20120130112527.0
007 cr|||| ||||
008 120130s2009 cl |||||s|||| 00||0 spa d
020 |a 956-10-1273-1 
035 |a 6162 
040 |a vLex 
090 |c 2969  |d 2969 
100 1 |a Rodrg̕uez Grez, Pablo 
245 1 0 |a Responsabilidad extracontractual  |h [Recurso electrn̤ico] /  |c Pablo Rodrg̕uez Grez  
256 |a Servicio en ln̕ea 
260 |a [Chile] :  |b Editorial jurd̕ica de Chile,  |c 2009 
300 |a 1 recurso electrn̤ico 
490 1 |a Tratados 
500 |a De la responsabilidad; El acto ilc̕ito; Ilc̕ito civil tp̕ico; Clùsulas de responsabilidad; Extincin̤ de la responsabilidad extracontractual; Hacia el futuro. 
506 1 |a Contenido solo disponible en los productos indicados  |d vLex Global   |d vLex Global (Academic Edition, excluding Law Schools)   |d vLex Global (U.S. Academic Edition, Law Schools)   |d vLex Global (U.S. Academic Edition, excluding Law Schools)   |d vLex Global (Academic Edition, Law Schools)  
650 0 4 |a Responsabilidad extracontractual  |z Chile 
650 0 4 |a Contratos  |z Chile 
740 0 |a vLex Libros (Servicio en ln̕ea) 
856 4 0 |u http://vlex.com/source/6162  |z Acceso restringido 
942 |c BOOK 
999 0 |a Contracts 
999 0 |a Commercial law